000 00253nam a2200109Ia 4500
008 190216s9999||||xx |||||||||||||| ||und||
100 _aNegi B S
245 0 _aEconomic And Commercial Geography
260 _bS Chand & Co
650 _aHistory
942 _cBK
999 _c9626
_d9626